Toutes les Techniques de Victor Blade (Tsurugi) D'Inazuma Eleven - Statistiques

Statistiques générales
  • Ce quiz a été pris 60 fois
  • Le résultat moyen est 14 sur 23
Statistiques - réponses
Réponse Type de quiz Première Utilisation % Correct
Lame des Ténèbres TIR GO
98%
Botte de Lancelot TIR EG GO
96%
Envol des Ténèbres TIR GO
94%
Lancelot, Le Spadassin Héroïque Esprit Guerrier GO
94%
Fulgurante Double Tornade de Feu TIR GO
86%
Tir Surnaturel TIR GO CS
86%
Griffon, Seigneur du Règne Animal Esprit Guerrier GO
80%
Soji Okita MIXIMAX GO CS
80%
Sabre de Feu TIR EG GO
72%
Katana Chrysanthème TIR GO CS
68%
Vladimir Blade MIXIMAX GO CS
66%
Fulgurante Triple Tornade de Feu TIR FILM 2
62%
Loup Totem GO GALAXY
62%
Attaque Équipe Ultime TIR GO CS
50%
Tir Foudroyant TIR GO GALAXY
50%
La Terre : L'Infini TIR GO GALAXY
48%
Tir d'Unité TIR FILM 1
48%
Aube Obscure TIR GO GALAXY
36%
Évolution TIR FILM 1
34%
Double Choc TIR MANGA
30%
Tir d'Arquebuse TIR MANGA
20%
Éclair Pulvérisant TIR MANGA DREAM MATCH
12%
Fouet Saurien TIR MANGA
10%
Aucun quiz correspondant
Distribution des résultats
% des personnes avec chaque résultat
Percentile par nombre de réponses
Votre historique - résultats
Vous n’avez pas pris ce quiz